| 000 | 01344nam a2200409 i 4500 | ||
|---|---|---|---|
| 001 | 1880 | ||
| 003 | KOSZ 005 | ||
| 005 | 20220125133520.0 | ||
| 008 | 990506s1983 pl a |000 0 pol | ||
| 015 | _aPB 1983/2964 | ||
| 035 | _a(PL-WaBN)b1256722x-48omnis_nlop | ||
| 035 | _ab1256722x | ||
| 035 | _a(OCoLC)750582557 | ||
| 035 | _a(PL)b0000001256722 | ||
| 040 |
_aWA N _cWA N _dKOSZ 005/HR |
||
| 041 | 1 |
_apol _hger |
|
| 046 | _k1983 | ||
| 080 | _a691 | ||
| 080 | _a666.9 | ||
| 080 | _a676.2 | ||
| 100 | 1 |
_aHanusch, Hellmut. _eAutor |
|
| 245 | 1 | 0 |
_aPłyty gipsowo-kartonowe w budownictwie / _cHellmut Hanusch ; tł. [z niem.] Jerzy Pogorzelski. |
| 260 |
_aWarszawa : _b"Arkady", _c1983. |
||
| 300 |
_a262, [1] s., [8] s. tabl. kolor. : _bfot., rys., wykr. ; _c25 cm. |
||
| 336 |
_2rdacontent _aTekst _btxt |
||
| 337 |
_2rdamedia _aBez urządzenia pośredniczącego _bn |
||
| 380 | _aKsiążki | ||
| 388 | _a1901-2000 | ||
| 504 | _aBibliogr. s. 261-[263]. | ||
| 658 | _aArchitektura i budownictwo | ||
| 650 | 7 |
_aPłyty gipsowo-kartonowe _2DBN |
|
| 700 | 1 |
_aPogorzelski, Jerzy _d(1910- ). _eTłumaczenie |
|
| 710 | 2 |
_aWydawnictwo "Arkady". _4pbl |
|
| 856 |
_uhttp://koha.tu.koszalin.pl/cgi-bin/koha/opac-detail.pl?biblionumber=1880 _yKatalog online BPK |
||
| 942 |
_2UKD _cKS |
||
| 999 |
_c1880 _d1880 |
||